000 01062nam a22003017a 4500
001 6045
003 FISKH
005 20250226155634.0
008 250226b cb ||||| |||| 00| 0 eng d
020 _a9780439148689
040 _aFISKH
_beng
_cFISKH
_dFISKH
050 _a PZ7.C6595 M
082 _a813
100 _aCohen, Barbara
_d(1932–1992)
245 _aMolly's pilgrim /
_cby Barbara Cohen ; Illustrated by Daniel Mark Duffy
250 _aThis edition first published in 1999
260 _aNew York :
_bScholastic,
_c20 cm
300 _a28 pages :
_billustrations ;
_c20 cm
505 _aJ
520 _aTold to make a doll like a pilgrim for the Thanksgiving display at school, Molly's Jewish mother dresses the doll as she herself dressed before leaving Russia to seek religious freedom--much to Molly's embarrassment.
521 8 _a450
_bLexile
521 8 _aJ
_bRaz-Plus
650 _2Immigrants
_aJewish
650 _2Picture book
_aPilgrims
700 _aDuffy, Mark Daniel
_dillustrator
942 _2ddc
_cBK
_n0
999 _c6045
_d6045